01051nam a2200193Ia 4500001001000000003001000010008004100020040002500061041001300086100002000099245004100119250001100160260006700171300002700238500022200265501011400487520022200601650003400823L235-8829IT-CnALBA170116s9999||||xx |||||||||||||| ||und|| aIT-CnALBAcIT-CnALBA aITALIANO aDU BOYS ALBERTO 0aDON BOSCO E LA SOCIETÀ SALESIANA.  a1a ed. a S. BENIGNO CANAVESEbSALESIANA SC. TIP.c1884 [1° Ed.: n.d.] a256 p. (prefazione: 7) aTRADUZIONE DAL FRANCESE. FONDAZIONE DEL PRIMO ORATORIO. RAPIDO SVILUPPO. PROVE. APPROVAZIONE. MAMMMA MARGHERITA. COSTITUZIONI. METODO PREVENTIVO. SCRITTORE. LE SALESIANE. AMERICA LATINA. PATAGONIA. MINISTRO RATTAZZI.  aSocietà San Paolo EM - Piazza San Paolo, 14 - 12051 ALBA (CN) (non commercial uses only) ® Copyright 2017 aTRADUZIONE DAL FRANCESE. FONDAZIONE DEL PRIMO ORATORIO. RAPIDO SVILUPPO. PROVE. APPROVAZIONE. MAMMMA MARGHERITA. COSTITUZIONI. METODO PREVENTIVO. SCRITTORE. LE SALESIANE. AMERICA LATINA. PATAGONIA. MINISTRO RATTAZZI.  aMARIA SS. ANGELI SANTI DEMONI